000 00496nam a2200181Ia 4500
001 28857
008 140415s9999 xx 000 0 und d
020 _a0-416-33530-6
040 _cPK-LaUMT
082 _a 954.03
_bSCH-R
100 _aKarl de Schweinitz
245 4 _aThe Rise and fall of British India
_bimperialism as inequality
_cKarl de Schweinitz
260 _aLondon,UK:
_bMethuen & Co.,
_c1983
300 _a275 p.
546 _aEN
650 _aImperialism-Case studies
942 _cBK
999 _c28936
_d28936